Breve Historia económica y social (Registro nro. 6111)

Detalles MARC
000 -LEADER
fixed length control field 00594 a2200181 4500
001 - CONTROL NUMBER
control field 57083
005 - DATE AND TIME OF LATEST TRANSACTION
control field 20260407155833.0
008 - FIXED-LENGTH DATA ELEMENTS--GENERAL INFORMATION
fixed length control field 260407a1968 arg spa d
003 - CONTROL NUMBER IDENTIFIER
control field AR-UNSa-BCEJYS
040 ## - CATALOGING SOURCE
Original cataloging agency AR-UNSa-BCEJYS
Language of cataloging spa
Transcribing agency AR-UNSa-BCEJYS
080 ## - UNIVERSAL DECIMAL CLASSIFICATION NUMBER
Universal Decimal Classification number 94:33
Common auxiliary subdivision Historia económica
100 1# - MAIN ENTRY--PERSONAL NAME
Personal name Pereira Pinto, Juan Carlos
245 10 - TITLE STATEMENT
Title Breve Historia económica y social
Name of part/section of a work desde la caida del Imperio occidente hasta la crisis de 1929
264 #1 - PRODUCTION, PUBLICATION, DISTRIBUTION, MANUFACTURE, AND COPYRIGHT NOTICE
Place of production, publication, distribution, manufacture Buenos Aires :
Name of producer, publisher, distributor, manufacturer El Coloquio de Económicas
Date of production, publication, distribution, manufacture, or copyright notice 1968
300 ## - PHYSICAL DESCRIPTION
Extent 440 p.
Dimensions 22 cm.
590 ## - LOCAL NOTE (RLIN)
Local note niveau_biblio:m niveau_hierar:0
942 ## - ADDED ENTRY ELEMENTS (KOHA)
Koha item type
Existencias
Withdrawn status Lost status Damaged status Not for loan Home library Current library Shelving location Date acquired Total checkouts Full call number Barcode Date last seen Price effective from Koha item type
        Biblioteca Prof. Eusebio Cleto del Rey Biblioteca Prof. Eusebio Cleto del Rey   07/04/2026   94:33 P436 L22547 07/04/2026 07/04/2026 Libro